[Event "NED-ch U18 Girls"]
[Site "Rotterdam"]
[Date "2016.05.06"]
[Round "6"]
[White "Siu, Villa"]
[Black "De Vries, Emma"]
[Result "1/2-1/2"]
[WhiteElo "1668"]
[BlackElo "1599"]
[PlyCount "97"]
[EventDate "2016.05.01"]
[EventType "tourn"]
[EventRounds "7"]
[EventCountry "NED"]
[SourceTitle "CBM 172 Extra"]
[Source "ChessBase"]
[SourceDate "2016.06.21"]
[SourceVersion "1"]
[SourceVersionDate "2016.06.21"]
[SourceQuality "1"]

1. e4 e6 2. d4 d5 3. e5 c5 4. c3 Nc6 5. Nf3 Qb6 6. a3 c4 7. Nbd2 Na5 8. Rb1 Bd7 9. Be2 Ne7 10. 0-0 Ng6 11. Ne1 Be7 12. f4 0-0 13. Bh5 Nb3 14. Nxb3 Ba4 15. Be3 Bxb3 16. Qc1 Nh4 17. Bd1 Nf5 18. Bd2 g6 19. Nc2 a5 20. g4 Ng7 21. Ne3 f5 22. Bxb3 Qxb3 23. g5 b5 24. Qd1 Qxd1 25. Rfxd1 Rfb8 26. Nc2 Ne8 27. Ra1 Nc7 28. Rdb1 Ra6 29. b4 cxb3 30. Rxb3 Rc6 31. a4 b4 32. Ra2 Na6 33. Rab2 Rcb6 34. cxb4 axb4 35. Rb1 Kg7 36. Kf2 h6 37. h4 h5 38. Ke2 Kf7 39. Kd3 Ke8 40. R1b2 Kd7 41. Ke2 Kc7 42. Kd3 R8b7 43. Rb1 Kc8 44. Rc1 Kb8 45. Rcb1 Ka8 46. Be1 Kb8 47. Na3 Rc6 48. Nc2 Rcb6 49. Na3 1/2-1/2

[Event "Spijkenisse op-B 3rd"]
[Site "Spijkenisse"]
[Date "2013.10.26"]
[Round "3"]
[White "Leentvaar, Peter"]
[Black "Siu, Villa"]
[Result "0-1"]
[WhiteElo "1405"]
[BlackElo "1494"]
[PlyCount "68"]
[EventDate "2013.10.25"]
[EventType "swiss"]
[EventRounds "6"]
[EventCountry "NED"]
[SourceTitle "EXT 2014"]
[Source "ChessBase"]
[SourceDate "2013.11.20"]
[SourceVersion "1"]
[SourceVersionDate "2013.11.20"]
[SourceQuality "1"]

1. e4 e6 2. Nc3 d5 3. exd5 exd5 4. d4 c6 5. Nf3 Bd6 6. Bd3 Ne7 7. h3 0-0 8. Be3 Bf5 9. 0-0 Qc7 10. Ne2 Nd7 11. Qd2 Nf6 12. Bxf5 Nxf5 13. Bf4 Ne4 14. Qc1 Rfe8 15. Bxd6 Qxd6 16. Qf4 Qe6 17. Rfe1 Ne7 18. Ng3 Ng6 19. Qc1 Qf6 20. Rf1 Nxg3 21. fxg3 Qd6 22. Kh2 h6 23. Qd2 Re4 24. Rae1 Rae8 25. Qf2 R8e6 26. Rxe4 dxe4 27. Ne5 Rf6 28. Qe2 Rxf1 29. Qxf1 Nxe5 30. dxe5 Qxe5 31. c3 Qd5 32. a3 e3 33. c4 Qd2 34. Qf5 Qf2 0-1

[Event "NED-ch U20 Girls"]
[Site "Haarlem"]
[Date "2012.05.06"]
[Round "9"]
[White "Siu, Villa"]
[Black "Reichardt, Monica"]
[Result "1/2-1/2"]
[WhiteElo "1224"]
[BlackElo "1242"]
[PlyCount "76"]
[EventDate "2012.04.28"]
[EventType "tourn"]
[EventRounds "9"]
[EventCountry "NED"]
[SourceTitle "EXT 2013"]
[Source "ChessBase"]
[SourceDate "2012.11.22"]
[SourceVersion "1"]
[SourceVersionDate "2012.11.22"]
[SourceQuality "1"]

1. e4 e6 2. d4 c5 3. c3 cxd4 4. cxd4 Nf6 5. Nc3 Bb4 6. Bd3 0-0 7. Nf3 d5 8. e5 Nfd7 9. 0-0 Nc6 10. Bxh7+ Kh8 11. Ng5 g6 12. Nxf7+ Rxf7 13. Bxg6 Rg7 14. Qh5+ Kg8 15. Bh6 Nf8 16. Bxg7 Kxg7 17. Be8 Bd7 18. Qf7+ Kh8 19. Qxf8+ Bxf8 20. Bg6 Qg5 21. Bd3 Nxd4 22. f4 Qg7 23. h3 Bc5 24. Kh2 Rg8 25. g4 Be8 26. Rae1 b5 27. f5 exf5 28. Bxf5 Nxf5 29. Rxf5 Bg6 30. Rf4 Rf8 31. Nxd5 Bf7 32. Nf6 Bxa2 33. Rf5 Bf7 34. Ref1 Bd4 35. Nd7 Kg8 36. Nf6+ Kh8 37. Nd7 Kg8 38. Nf6+ Kh8 1/2-1/2

[Event "NED-ch U20 Girls"]
[Site "Haarlem"]
[Date "2012.04.29"]
[Round "2"]
[White "Siu, Villa"]
[Black "Thoma, Sophia"]
[Result "1/2-1/2"]
[WhiteElo "1224"]
[BlackElo "1917"]
[PlyCount "112"]
[EventDate "2012.04.28"]
[EventType "tourn"]
[EventRounds "9"]
[EventCountry "NED"]
[SourceTitle "EXT 2013"]
[Source "ChessBase"]
[SourceDate "2012.11.22"]
[SourceVersion "1"]
[SourceVersionDate "2012.11.22"]
[SourceQuality "1"]

1. e4 c5 2. Nf3 d6 3. c3 Nf6 4. Be2 Nc6 5. d3 g6 6. Be3 Bg7 7. Nbd2 0-0 8. 0-0 Ng4 9. d4 cxd4 10. Bxd4 e5 11. Be3 Nxe3 12. fxe3 a6 13. Nc4 b5 14. Qxd6 Qxd6 15. Nxd6 Bh6 16. Kf2 Be6 17. Nb7 f5 18. Nc5 fxe4 19. Nxe6 exf3 20. gxf3 Rf6 21. Nc5 Ne7 22. Nd7 Re6 23. e4 Rc8 24. Rad1 Kf7 25. Rd3 Bf4 26. h4 h5 27. Rfd1 Rec6 28. Rd6 Kg7 29. Nb6 R8c7 30. Na8 Nc8 31. Nxc7 Nxd6 32. Ne6+ Kf6 33. Nxf4 exf4 34. b3 Ke7 35. c4 bxc4 36. bxc4 a5 37. a4 Nb7 38. Rb1 Nc5 39. Rb5 Nxa4 40. Rxa5 Nb6 41. Ra7+ Kd6 42. Rg7 Ke5 43. Rg8 Nxc4 44. Bxc4 Rxc4 45. Rxg6 Rc2+ 46. Kg1 Kd4 47. Rg2 Rc1+ 48. Kf2 Rh1 49. e5 Kxe5 50. Rg5+ Kd4 51. Rxh5 Rh2+ 52. Kg1 Rc2 53. Ra5 Ke3 54. Ra3+ Kd4 55. Ra4+ Ke3 56. Ra3+ Kd4 1/2-1/2

[Event "NED-ch U15 Girls"]
[Site "Haarlem"]
[Date "2011.05.02"]
[Round "3"]
[White "Siu, Villa"]
[Black "Kootstra, Anneke"]
[Result "1-0"]
[WhiteElo "1120"]
[BlackElo "888"]
[PlyCount "121"]
[EventDate "2011.04.30"]
[EventType "swiss"]
[EventRounds "9"]
[EventCountry "NED"]
[SourceTitle "EXT 2012"]
[Source "ChessBase"]
[SourceDate "2011.11.24"]
[SourceVersion "1"]
[SourceVersionDate "2011.11.24"]
[SourceQuality "1"]

1. e4 e5 2. Nf3 Nc6 3. Bc4 Bc5 4. c3 Nf6 5. d3 d6 6. Bg5 0-0 7. 0-0 h6 8. Bh4 Bg4 9. h3 Be6 10. Bxe6 fxe6 11. d4 Qe8 12. dxc5 Nxe4 13. cxd6 Nxd6 14. Re1 e4 15. Nd4 Nxd4 16. cxd4 Qb5 17. b3 Qc6 18. Na3 Qc3 19. Be7 Rf4 20. Bxd6 cxd6 21. Nc4 d5 22. Qd2 Qxd2 23. Nxd2 Raf8 24. Rf1 R4f5 25. Rac1 R8f7 26. b4 e5 27. Nb3 g5 28. g4 Rf3 29. Kg2 Re7 30. dxe5 Rxe5 31. Rc7 Rf7 32. Rfc1 Ree7 33. Rxe7 Rxe7 34. Nd4 Kf7 35. Nf5 Re6 36. Rd1 Re5 37. Nxh6+ Ke6 38. Nf5 a6 39. a4 Kd7 40. Rc1 Re6 41. Nd4 Rd6 42. b5 Kd8 43. a5 Kd7 44. b6 Kd8 45. Rc7 Rd7 46. Ne6+ Ke7 47. Nxg5 Kd6 48. Rxd7+ Kxd7 49. h4 Ke7 50. Nxe4 d4 51. Kf3 Ke6 52. Kf4 d3 53. h5 d2 54. Nxd2 Kf6 55. g5+ Kg7 56. Kf5 Kh7 57. g6+ Kh6 58. Kf6 Kxh5 59. g7 Kg4 60. g8Q+ Kf4 61. Qg5# 1-0

[Event "NED-ch U15 Girls"]
[Site "Haarlem"]
[Date "2011.05.01"]
[Round "2"]
[White "Waardenburg, Lisanne"]
[Black "Siu, Villa"]
[Result "1-0"]
[WhiteElo "1187"]
[BlackElo "1120"]
[PlyCount "127"]
[EventDate "2011.04.30"]
[EventType "swiss"]
[EventRounds "9"]
[EventCountry "NED"]
[SourceTitle "EXT 2012"]
[Source "ChessBase"]
[SourceDate "2011.11.24"]
[SourceVersion "1"]
[SourceVersionDate "2011.11.24"]
[SourceQuality "1"]

1. e4 e5 2. Nf3 Nc6 3. Bc4 Nf6 4. d3 Bc5 5. c3 d6 6. 0-0 h6 7. Re1 Bg4 8. Nbd2 0-0 9. b4 Bb6 10. Bb2 a6 11. Nf1 Re8 12. Ng3 Rb8 13. Qe2 Nh5 14. Nh1 Qf6 15. Bb3 Bxf3 16. gxf3 Qg5+ 17. Ng3 Nf4 18. Qf1 h5 19. Kh1 h4 20. Nf5 g6 21. Ne3 h3 22. Qg1 Qxg1+ 23. Kxg1 Nxd3 24. Re2 Nf4 25. Rd2 Rbd8 26. Ng4 Kg7 27. Kh1 Ng2 28. Re2 f5 29. Ne3 Bxe3 30. fxe3 fxe4 31. fxe4 Na7 32. Rf1 Rf8 33. Ref2 Nxe3 34. Rf7+ Rxf7 35. Rxf7+ Kh8 36. Rxc7 Nb5 37. Rxb7 Rf8 38. Rf7 Rxf7 39. Bxf7 Kg7 40. Be6 Nd1 41. Ba1 Ndxc3 42. Bxc3 Nxc3 43. Bd5 Nxd5 44. exd5 Kf6 45. a4 Ke7 46. Kg1 Kd7 47. Kf2 Ke7 48. Kg1 Kd7 49. Kf2 Kc7 50. a5 g5 51. Kg3 e4 52. Kxh3 Kd7 53. Kg3 Ke7 54. b5 Kf6 55. bxa6 Ke5 56. a7 Kxd5 57. a8Q+ Kd4 58. Qe8 d5 59. a6 Kd3 60. a7 e3 61. a8Q d4 62. Qa3+ Kd2 63. Qb8 e2 64. Qbb2+ 1-0